Country Flags That Have Most Red - Sudden Death - Statistics

General Stats
  • This quiz has been taken 27 times
  • The average score is 3 of 15
Answers on the Grid
Answers color-coded by a green-red scale on the quiz's grid according to % correct below.
Morocco
China
Turkey
Vietnam
Kyrgyzstan
Tunisia
Albania
Tonga
Switzerland
Latvia
Montenegro
Denmark
Taiwan
Samoa
East Timor
Togo
Austria
Peru
Bahrain
Qatar
Indonesia
Monaco
Poland
Singapore
Japan
Canada
Norway
Angola
Spain
North Korea
 
Answer Stats
Answer % Correct
Switzerland
39%
Vietnam
39%
Turkey
33%
Albania
28%
China
28%
Denmark
22%
Taiwan
22%
Tunisia
22%
Kyrgyzstan
17%
Montenegro
17%
Morocco
17%
Tonga
17%
Samoa
11%
East Timor
6%
Latvia
6%
No matching quizzes found
Score Distribution
Percent of People with Each Score
Percentile by Number Answered
Your Score History
You have not taken this quiz